Samyojitha rubberkrishi (Record no. 68401)

MARC details
000 -LEADER
fixed length control field 00223nam a2200097Ia 4500
100 ## - MAIN ENTRY--AUTHOR NAME
Personal name Chandralekha K
245 #0 - TITLE STATEMENT
Title Samyojitha rubberkrishi
260 ## - PUBLICATION, DISTRIBUTION, ETC. (IMPRINT)
Name of publisher Rubber, 661(June): 17-19.
Year of publication 2021
650 ## - SUBJECT ADDED ENTRY--TOPICAL TERM
Topical Term Rubber krishi
942 ## - ADDED ENTRY ELEMENTS (KOHA)
Koha item type Journals
Holdings
Withdrawn status Lost status Damaged status Not for loan Home library Current library Shelving location Date acquired Serial Enumeration / chronology Koha item type
      Journals RRII Library RRII Library Rubber general 01/01/2021 Volume 661, Issue June Journals